Library of the University of Algiers 3
Ibrahim Sultan Cheibout
شعار جامعة الجزائر 3
مكتبة جامعة الجزائر 3
إبراهيم سلطان شيبوط

مقدمة في نظرية المحاسبة / (رقم التسجيلة. 45629)

تفاصيل مارك
000 -LEADER
fixed length control field 01231nam a2200229Ia 4500
003 - CONTROL NUMBER IDENTIFIER
control field Ost
005 - DATE AND TIME OF LATEST TRANSACTION
control field 20260507075652.0
008 - FIXED-LENGTH DATA ELEMENTS--GENERAL INFORMATION
fixed length control field 260507s9999||||xx |||||||||||||| ||und||
020 ## - INTERNATIONAL STANDARD BOOK NUMBER
International Standard Book Number 4479119957
040 ## - CATALOGING SOURCE
Transcribing agency fsecg
041 ## - LANGUAGE CODE
Language code of text/sound track or separate title ara
082 ## - DEWEY DECIMAL CLASSIFICATION NUMBER
Classification number 657.046
100 ## - MAIN ENTRY--PERSONAL NAME
Personal name النقيب، كمال عبد العزيز
Relator term مؤلف
245 #0 - TITLE STATEMENT
Title مقدمة في نظرية المحاسبة /
Statement of responsibility, etc. كمال عبد العزيز النقيب
260 ## - PUBLICATION, DISTRIBUTION, ETC.
Place of publication, distribution, etc. عمان:
Name of publisher, distributor, etc. دار وائل للنشر والتوزيع,
Date of publication, distribution, etc. 2004
300 ## - PHYSICAL DESCRIPTION
Extent 472 صفحة؛
Other physical details إيضاحات ؛
Dimensions 24 سم
504 ## - BIBLIOGRAPHY, ETC. NOTE
Bibliography, etc. note المراجع ص.463
520 ## - SUMMARY, ETC.
Summary, etc. نشأة المحاسبة وتطور الفكر المحاسبي- الإطار النظري والتطبيقي لعلم المحاسبة- العناصر الفكرية لعلم المحاسبة- موقع علم المحاسبة المالية ضمن اطار المعرفة- المحاسبة كنظام للمعلومات- الوظائف المعاصرة للمحاسبة- مناهج البحث العلمي والمحاسبي وتطور نظرية المحاسبة- مقدمة في محاسبة التضخم.
653 ## - INDEX TERM--UNCONTROLLED
Uncontrolled term المحاسبة
653 ## - INDEX TERM--UNCONTROLLED
Uncontrolled term نظريات المحاسبة
942 ## - ADDED ENTRY ELEMENTS (KOHA)
Koha item type كتب

لا توجد مواد متاحة.

موارد الويب المفتوحة


© University of Algiers 3 All Rights Reserved
|
Implemented by LECHELAH Riad